Thai soups and salads (Record no. 6158)

MARC details
000 -LEADER
fixed length control field 00749nam a22002417a 4500
003 - CONTROL NUMBER IDENTIFIER
control field OSt
005 - DATE AND TIME OF LATEST TRANSACTION
control field 20251125085053.0
008 - FIXED-LENGTH DATA ELEMENTS--GENERAL INFORMATION
fixed length control field 251125b |||||||| |||| 00| 0 eng d
020 ## - INTERNATIONAL STANDARD BOOK NUMBER
International Standard Book Number 962-593-763-3
040 ## - CATALOGING SOURCE
Original cataloging agency DWCL-Main lib
Transcribing agency OC
082 ## - DEWEY DECIMAL CLASSIFICATION NUMBER
Edition number Periplus edition
Classification number Res. 641.8 D135 2001
100 ## - MAIN ENTRY--PERSONAL NAME
Personal name Daks, N.
245 ## - TITLE STATEMENT
Title Thai soups and salads
Statement of responsibility, etc. Daks, Nongkan
250 ## - EDITION STATEMENT
Edition statement Periplus edition
260 ## - PUBLICATION, DISTRIBUTION, ETC.
Place of publication, distribution, etc. Singapore :
Name of publisher, distributor, etc. Preiplus,
Date of publication, distribution, etc. c2001
300 ## - PHYSICAL DESCRIPTION
Extent 64 p. :
Other physical details colored illustration :
Dimensions 20 cm.
504 ## - BIBLIOGRAPHY, ETC. NOTE
Bibliography, etc. note Includes index
650 ## - SUBJECT ADDED ENTRY--TOPICAL TERM
Source of heading or term Salads
650 ## - SUBJECT ADDED ENTRY--TOPICAL TERM
Source of heading or term Soups
650 ## - SUBJECT ADDED ENTRY--TOPICAL TERM
Source of heading or term Vegetable soups
700 ## - ADDED ENTRY--PERSONAL NAME
Personal name Greeley, Alexandra
942 ## - ADDED ENTRY ELEMENTS (KOHA)
Source of classification or shelving scheme Dewey Decimal Classification
Koha item type Book- Reserved
Edition Periplus edition
Classification part Res. 641.8 D135 2001
Call number prefix Res.
Suppress in OPAC No
952 ## - LOCATION AND ITEM INFORMATION (KOHA)
--
Holdings
Withdrawn status Lost status Source of classification or shelving scheme Damaged status Not for loan Home library Current library Shelving location Date acquired Source of acquisition Total Checkouts Full call number Barcode Date last seen Copy number Price effective from Koha item type Uniform Resource Identifier
    Dewey Decimal Classification     HM & Nursing Library HM & Nursing Library Reserved 10/11/2005 Donation   Res. 641.8 D135 2001 HMN42450 11/25/2025 c1 11/25/2025 BK-0 CIRC